000 00764nam a22002537a 4500
999 _c6854
_d6854
003 AR-CdUCM
008 190319b ||||| |||| 00| 0 spa d
020 _a84-205-0875-6
040 _aMUNICIPALIDAD PROVINCIAL DEL CUSCO
_cBIBLIOTECA MUNICIPAL DEL CUSCO
041 _heng.
082 _a575.1 /
_bR55
100 _aRieger R.
_919308
245 _aDiccionario de genética y cito-genética clásica y molecular /
260 _aMadrid :
_bAlhambra,
_c1982.
300 _a530 paginas :
_c23 cm.
505 _aContenido :Diccionario /
650 _aDiccionario
_95196
650 _aGenética
_95063
650 _aCitogentia
_919309
650 _aMolecular
_919310
700 _aJ. Puertas Gallegos (traductor)
_919311
942 _2ddc
_cLIBROS
945 _arjall